Tracklist Album - Josman / M.A.N (Black Roses & Lost Feelings) - Statistiques

Statistiques générales
  • Ce quiz a été pris 120 fois
  • Le résultat moyen est 14 sur 19
Statistiques - réponses
Featuring Réponse % Correct
9 Laylow Brûle
93%
1 Intro
93%
2 Guy2Bezbar POP
93%
5 Mort Ce Soir
84%
10 Sofiane Pamart Vaccin
79%
13 MOONROCK
78%
14 3ein / Rissotto Gambas
72%
11 Naza Ma Lady
72%
6 L'Œil de la Joconde
70%
15 Peace, Haine, Love
68%
19 La Danse de la Joie
67%
7 L'eau (Interlude)
67%
12 McQueen / Givenchy
67%
4 F̶i̶e̶s̶t̶a̶ (Interlude)
65%
18 Eazy Dew & Soleil Noir Hasta el Cielo
65%
8 AhGars!
64%
17 ANELKA
64%
3 PLU$$$
63%
16 Interdit (Interlude)
47%
Aucun quiz correspondant
Distribution des résultats
% des personnes avec chaque résultat
Percentile par nombre de réponses
Votre historique - résultats
Vous n’avez pas pris ce quiz